| Registos Bibliográficos associados ao registo de autoridade |
|
Etiqueta de registo: 00254nam 2200025 450 001 2283721 003 http://id.bnportugal.gov.pt/bib/catbnp/2283721 010 ## $a978-989-9202-65-8 021 ## $aPT$b555707/25 100 ## $a20260406d2025 m y0pory01030103ba 101 1# $apor$cjpn 102 ## $aPT 105 ## $aa t 000zy 106 ## $ar 200 1# $a O preço da desonra - crónicas de Kubidai$fHiroshi Hirata$gcoord. José Hartvig de Freitas$ged. André Morgado... [et al.]$gtrad. japonês Drik Sada 205 ## $a1ª ed 210 #9 $aPrior Velho$cA Seita,$d2025 215 ## $a350, [10] p.$cil.$d22 cm 225 2# $aIkigai 675 ## $a741(=1:52)"19/20"$vBN$zpor$31490770 675 ## $a821.521-9"19/20"$vBN$zpor$31175675 700 #1 $aHirata,$bHiroshi,$f1937-2021$31908347 702 #1 $94$aFreitas,$bJosé de,$f1964-$4340$31400181 702 #1 $aMorgado,$bAndré$4070$31675432 702 #1 $aSada,$bDrik $4730$31973139 801 #0 $aPT$bBN$gRPC 856 41 $uhttp://rnod.bnportugal.gov.pt/ImagesBN/winlibimg.aspx?skey=&doc=2283721&img=221527&save=true 900 ## $aBIBNAC$d20260430 966 ## $lBN$mFGMON$sB.A. 53732 V.$x1 966 ## $lBN$mFGMON$pF04698$sB.A. 53732 V.-D$x1 971 ## $ccsilva$d20260406 972 ## $e0$z0$d20260430$vasantos 973 ## $ctrodrigues$d20260427
Etiqueta de registo: 00254nam 2200025 450 001 2232787 003 http://id.bnportugal.gov.pt/bib/catbnp/2232787 010 ## $a978-989-787-270-9 021 ## $aPT$b542225/25 100 ## $a20251126d2025 e y0pory01030103ba 101 1# $apor$cjpn$geng 102 ## $aPT 105 ## $aa t 000zy 106 ## $ar 200 1# $a The Gost in the shell.$hVol. 1$fShirow Masamune$gtrad. Drik Sada$gadaptação André Oliveira 206 ## $a1ª ed 210 #9 $aLisboa$cDistrito Manga,$d2025 215 ## $a349, [8] p.$cil.$d26 304 ## $aTít. orig.: Kokaku Kidotai 675 ## $a087.5$vBN$zpor$3287999 675 ## $a741(=1:52)"19/20"$vBN$zpor$31490770 675 ## $a821.521-9"19/20"$vBN$zpor$31175675 700 #1 $aMasamune,$bShirow,$cpseud.$31973137 702 #1 $aSada,$bDrik $4730$31973139 702 #1 $96$aOliveira,$bAndré$4010$31928775 801 #0 $aPT$bBN$gRPC 856 41 $uhttp://rnod.bnportugal.gov.pt/ImagesBN/winlibimg.aspx?skey=&doc=2232787&img=215939&save=true 900 ## $aBIBNAC$d20251215 966 ## $lBN$mFGMON$sP. 71473 V.$x1 966 ## $lBN$mFGMON$sP. 71473 V.-D$x1 971 ## $cjbeatriz$d20251126 973 ## $cacosta$d20251127 975 ## $e0$d20251215$viquintas
Etiqueta de registo: 00254nam 2200025 450 001 2269152 003 http://id.bnportugal.gov.pt/bib/catbnp/2269152 010 ## $a978-989-787-247-1 021 ## $aPT$b542226/25 100 ## $a20260220d2025 e y0pory01030103ba 101 1# $apor$cjpn$geng 102 ## $aPT 105 ## $aa t 000zy 106 ## $ar 200 1# $a The ghost in the shell.$hVol. 2$fShirow Masamune$gtrad. Drik Sada$gadaptação André Oliveira 206 ## $a1ª ed 210 #9 $aLisboa$cDistrito Manga,$d2025 215 ## $a238, 76 p.$cil.$d26 304 ## $aTít. orig.: Kokaku Kidotai 675 ## $a087.5$vBN$zpor$3287999 675 ## $a741(=1:52)"19/20"$vBN$zpor$31490770 675 ## $a821.521-9"19/20"$vBN$zpor$31175675 700 #1 $aMasamune,$bShirow,$cpseud.$31973137 702 #1 $96$aOliveira,$bAndré$4010$31928775 702 #1 $aSada,$bDrik $4730$31973139 801 #0 $aPT$bBN$gRPC 856 41 $uhttp://rnod.bnportugal.gov.pt/ImagesBN/winlibimg.aspx?skey=&doc=2269152&img=219529&save=true 900 ## $aBIBNAC$d20260318 966 ## $lBN$mFGMON$sP. 72271 V.$x1 966 ## $lBN$mFGMON$sP. 72271 V.-D$x1 971 ## $cisantos$d20260220 972 ## $e0$z0$d20260318$vlrevez 973 ## $caalmeid$d20260224
Etiqueta de registo: 00254nam 2200025 450 001 2286661 003 http://id.bnportugal.gov.pt/bib/catbnp/2286661 010 ## $a978-989-787-246-4 021 ## $aPT$b542227/25 100 ## $a20260521d2026 e y0pory01030103ba 101 1# $apor$cjpn 102 ## $aPT 105 ## $aa t 000zy 106 ## $ar 200 1# $a The ghost in the shell.$hLivro 1.5,$iHuman-error processer$fShirow Masamune$gtrad. Drik Sada$gadapt. André Oliveira 206 ## $a1ª ed 210 #9 $aLisboa$cDistrito Manga,$d2026 215 ## $a180, [9] p.$ctodo il.$d26 cm 304 ## $aTít. orig.: KÅokaku KidÅotai 675 ## $a087.5$vBN$zpor$3287999 675 ## $a741(=1:52)"19/20"$vBN$zpor$31490770 675 ## $a821.521-9"19/20"$vBN$zpor$31175675 700 #1 $aMasamune,$bShirow,$cpseud.$31973137 702 #1 $aSada,$bDrik $4730$31973139 702 #1 $96$aOliveira,$bAndré$4010$31928775 801 #0 $aPT$bBN$gRPC 856 41 $uhttp://rnod.bnportugal.gov.pt/ImagesBN/winlibimg.aspx?skey=&doc=2286661&img=222993&save=true 900 ## $aBIBNAC$d20260612 966 ## $lBN$mFGMON$sP. 72890 V.$x1 966 ## $lBN$mFGMON$sP. 72890 V.-D$x1 971 ## $cabrito$d20260521 972 ## $e0$z0$d20260612$vlrevez 973 ## $csteixeira$d20260602
Etiqueta de registo: 00254nam 2200025 450 001 2288464 003 http://id.bnportugal.gov.pt/bib/catbnp/2288464 010 ## $a978-989-623-863-6 021 ## $aPT$b562217/26 100 ## $a20260622d2026 e y0pory01030103ba 101 1# $apor$cjpn 102 ## $aPT 105 ## $aa t 000yy 106 ## $ar 200 1# $aAkira.$hLivro 2,$iTetsuo$v1$fKatsuhiro Otomo$gtrad. Drik Sada$gadapt. Maria João Fonseca 205 ## $a1ª ed 210 #9 $a[S.l.]$cPanguim,$d2026 215 ## $a301, [3] p.$cil.$d26 cm 700 #1 $aOtomo,$bKatsuhiro$3945372 702 #1 $aSada,$bDrik $4730$31973139 702 #1 $aFonseca,$bMaria João$4010$31307109 801 #0 $aPT$bBN$gRPC 966 ## $lBN$mFGMON$x1 966 ## $lBN$mFGMON$x1 971 ## $cjbeatriz$d20260622
|
|
|